书目信息 |
| 题名: |
胚胎、无性繁殖系和转基因动物
|
|
| 作者: | 伦内贝格 原著 ;苏斯比尔 , 杨毅 , 童仕波 , 刘震 插图 | |
| 分册: | ||
| 出版信息: | 北京 科学出版社 2009.03 |
|
| 页数: | xv, 86页 | |
| 开本: | 21cm | |
| 丛书名: | 生物技术入门系列 | |
| 单 册: | ||
| 中图分类: | S814.8 | |
| 科图分类: | ||
| 主题词: | 动物--dong wu--繁殖--生物技术 | |
| 电子资源: | ||
| ISBN: | 978-7-03-024219-8 | |
| 000 | 01295nam 2200301 450 | |
| 001 | 012009741023 | |
| 005 | 20091128144019.82 | |
| 010 | @a978-7-03-024219-8@dCNY35.00 | |
| 100 | @a20091128d2009 em y0chiy0120 ea | |
| 101 | 1 | @achi@cger |
| 102 | @aCN@b110000 | |
| 105 | @aa z 000yy | |
| 106 | @ar | |
| 200 | 1 | @a胚胎、无性繁殖系和转基因动物@Apei tai、wu xing fan zhi xi he zhuan ji yin dong wu@f(德) 莱茵哈德·伦内贝格原著@F(de)lai yin ha de·lun nei bei ge yuan zhu@g(德) 达嘉·苏斯比尔插图@G(de)da jia·su si bi er cha tu@g杨毅, 童仕波, 刘震翻译@Gyang yi,tong shi bo,liu zhen fan yi |
| 210 | @a北京@c科学出版社@d2009.03 | |
| 215 | @axv, 86页@c图@d21cm | |
| 225 | 2 | @a生物技术入门系列@Asheng wu ji shu ru men xi lie@v8 |
| 330 | @a本书将为您介绍前沿的生殖生物技术及应用,内容包括:人工授精、胚胎移植和体外受精、牛和猪的生长素、基因敲除小鼠、青蛙和蝾螈的克隆等。 | |
| 410 | 0 | @12001 @a生物技术入门系列 |
| 606 | 0 | @a动物@Adong wu@x繁殖@x生物技术 |
| 690 | @aS814.8@v4 | |
| 701 | 1 | @a伦内贝格@Alun nei bei ge@g(Renneberg, Reinhard)@4原著 |
| 702 | 1 | @a苏斯比尔@Asu si bi er@g(SuBbier, Darja)@4插图 |
| 702 | 0 | @a杨毅@Ayang yi@4翻译 |
| 702 | 0 | @a童仕波@Atong shi bo@4翻译 |
| 702 | 0 | @a刘震@Aliu zhen@4翻译 |
| 801 | 0 | @aCN@bQSSK@c20091128 |
| 905 | @b766833-35@dS814.8@eL926@f3 | |
| 胚胎、无性繁殖系和转基因动物/(德) 莱茵哈德·伦内贝格原著/(德) 达嘉·苏斯比尔插图/杨毅, 童仕波, 刘震翻译.-北京:科学出版社,2009.03 |
| xv, 86页:图;21cm.-(生物技术入门系列;8) |
| ISBN 978-7-03-024219-8:CNY35.00 |
| 本书将为您介绍前沿的生殖生物技术及应用,内容包括:人工授精、胚胎移植和体外受精、牛和猪的生长素、基因敲除小鼠、青蛙和蝾螈的克隆等。 |
| ● |
| 相关链接 |
|
|
|
正题名:胚胎、无性繁殖系和转基因动物
索取号:S814.8/L926
 
预约/预借
| 序号 | 登录号 | 条形码 | 馆藏地/架位号 | 状态 | 备注 |
| 1 | 766833 | 207668335 | 自科库401/401自科库 1排4列2层/ [索取号:S814.8/L926] | 在馆 | |
| 2 | 766834 | 207668344 | 自科库401/401自科库 1排4列2层/ [索取号:S814.8/L926] | 在馆 | |
| 3 | 766835 | 207668353 | 自科库401/401自科库 1排4列2层/ [索取号:S814.8/L926] | 在馆 |